[Event "Baku Chess Olympiad | Open"]
[Site "chess24.com"]
[Date "2016.09.08"]
[Round "6"]
[White "Baron, Tal"]
[Black "Guzman, Christopher"]
[Result "*"]
[Board "4"]
[WhiteID "2809958"]
[WhiteElo "2553"]
[WhiteTitle "GM"]
[WhiteCountry "ISR"]
[WhiteFideId "2809958"]
[BlackID "6405096"]
[BlackElo "2259"]
[BlackTitle "CM"]
[BlackCountry "DOM"]
[BlackFideId "6405096"]

1. d4 {[%clk 1:30:57]} Nf6 {[%clk 1:29:33]} 2. c4 {[%clk 1:31:25]} e6 {[%clk
1:26:03]} 3. Nc3 {[%clk 1:31:52]} Bb4 {[%clk 1:23:13]} 4. f3 {[%clk 1:32:20]} d5
{[%clk 1:18:14]} 5. a3 {[%clk 1:32:48]} Bxc3+ {[%clk 1:17:18]} 6. bxc3 {[%clk
1:33:15]} c5 {[%clk 1:17:37]} 7. cxd5 {[%clk 1:33:41]} Nxd5 {[%clk 1:16:47]} 8.
dxc5 {[%clk 1:34:09]} Qa5 {[%clk 1:16:28]} 9. e4 {[%clk 1:34:36]} Nf6 {[%clk
1:16:47]} 10. Be3 {[%clk 1:35:04]} O-O {[%clk 1:16:50]} 11. Kf2 {[%clk 1:35:32]}
Nfd7 {[%clk 1:16:23]} 12. Rb1 {[%clk 1:35:44]} Na6 {[%clk 1:04:14]} 13. Bxa6
{[%clk 1:36:00]} Qxa6 {[%clk 1:04:36]} 14. Ne2 {[%clk 1:35:11]} b6 {[%clk
1:04:51]} 15. Qd6 {[%clk 1:31:49]} bxc5 {[%clk 1:02:40]} 16. Bxc5 {[%clk
1:24:38]} Nxc5 {[%clk 0:54:53]} 17. Qxc5 {[%clk 1:24:50]} Bd7 {[%clk 0:55:14]}
18. Rhd1 {[%clk 1:23:47]} Rac8 {[%clk 0:54:50]} 19. Qb4 {[%clk 1:18:18]} Rc7
{[%clk 0:48:35]} 20. Rd6 {[%clk 1:17:37]} Qc8 {[%clk 0:48:40]} 21. Qd4 {[%clk
1:15:29]} a6 {[%clk 0:43:00]} 22. Rd1 {[%clk 1:13:13]} Rc4 {[%clk 0:42:51]} 23.
Qb6 {[%clk 1:07:06]} Bb5 {[%clk 0:42:50]} 24. R1d4 {[%clk 0:57:28]} Qc5 {[%clk
0:36:27]} 25. a4 {[%clk 0:50:59]} Qxb6 {[%clk 0:33:55]} 26. Rxb6 {[%clk 0:51:18]}
Rxa4 {[%clk 0:33:54]} 27. Rxa4 {[%clk 0:51:29]} Bxa4 {[%clk 0:34:22]} 28. Rxa6
{[%clk 0:51:51]} Bd7 {[%clk 0:32:12]} 29. Rd6 {[%clk 0:51:25]} Ba4 {[%clk
0:32:19]} 30. Ra6 {[%clk 0:50:59]} Bd7 {[%clk 0:32:37]} 31. Ra7 {[%clk 0:51:03]}
Rd8 {[%clk 0:32:59]} 32. c4 {[%clk 0:47:29]} Kf8 {[%clk 0:33:05]} 33. Ke3 {[%clk
0:47:22]} Be8 {[%clk 0:28:26]} 34. e5 {[%clk 0:42:12]} Rd1 {[%clk 0:27:50]} 35.
Nc3 {[%clk 0:41:17]} Rc1 {[%clk 0:25:42]} 36. Ne4 {[%clk 0:41:05]} Rxc4 {[%clk
0:25:40]} 37. Nd6 {[%clk 0:34:09]} Ra4 {[%clk 0:24:33]} 38. Rb7 {[%clk 0:33:40]}
Ra8 {[%clk 0:22:57]} 39. h4 {[%clk 0:31:01]} h6 {[%clk 0:20:32]} 40. g4 {[%clk
0:48:56]} Kg8 {[%clk 0:50:50]} 41. Re7 {[%clk 0:48:14]} Kf8 {[%clk 0:51:02]} 42.
Rc7 {[%clk 0:48:40]} Kg8 {[%clk 0:51:06]} 43. Kd4 {[%clk 0:44:31]} Rb8 {[%clk
0:45:00]} 44. Kc5 {[%clk 0:41:29]} Kf8 {[%clk 0:45:18]} 45. f4 {[%clk 0:39:40]}
g6 {[%clk 0:41:22]} 46. Ra7 {[%clk 0:38:02]} Kg7 {[%clk 0:40:10]} 47. f5 {[%clk
0:35:39]} exf5 {[%clk 0:39:43]} 48. gxf5 {[%clk 0:35:53]} gxf5 {[%clk 0:40:03]}
49. e6 {[%clk 0:36:08]} Kg6 {[%clk 0:39:46]} 50. exf7 {[%clk 0:33:45]} Bxf7
{[%clk 0:39:35]} 51. Rxf7 {[%clk 0:33:16]} Rd8 {[%clk 0:39:27]} 52. Re7 {[%clk
0:30:33]} Rf8 {[%clk 0:38:49]} 53. Re5 {[%clk 0:30:27]} Kh5 {[%clk 0:37:19]} 54.
Nxf5 {[%clk 0:30:49]} Kg4 {[%clk 0:37:38]} 55. Ne7 {[%clk 0:31:15]} Rf1 {[%clk
0:32:27]} 56. h5 {[%clk 0:29:11]} Rf6 {[%clk 0:26:07]} 57. Nd5 {[%clk 0:17:03]}
Ra6 {[%clk 0:25:39]} 58. Kc4 {[%clk 0:15:28]} Rc6+ {[%clk 0:25:29]} 59. Kd4
{[%clk 0:15:15]} Ra6 {[%clk 0:25:37]} 60. Ne3+ {[%clk 0:15:42]} Kh4 {[%clk
0:25:41]} 61. Ke4 {[%clk 0:15:56]} Rf6 {[%clk 0:25:13]} 62. Kd4 {[%clk 0:13:12]}
Rf4+ {[%clk 0:23:13]} 63. Kd5 {[%clk 0:13:39]} Rf6 {[%clk 0:23:35]} 64. Ke4
{[%clk 0:14:07]} Rf2 {[%clk 0:23:39]} 65. Ra5 {[%clk 0:13:02]} Rf8 {[%clk
0:23:22]} 66. Rc5 {[%clk 0:12:44]} Rf2 {[%clk 0:23:34]} 67. Rb5 {[%clk 0:11:31]}
Rf8 {[%clk 0:23:51]} 68. Re5 {[%clk 0:10:39]} Rf2 {[%clk 0:23:54]} 69. Kd5 {[%clk
0:08:21]} Rf6 {[%clk 0:24:15]} 70. Nc4 {[%clk 0:08:38]} Kg4 {[%clk 0:24:12]} 71.
Nd6 {[%clk 0:08:48]} Kh4 {[%clk 0:21:24]} 72. Ne4 {[%clk 0:07:52]} Ra6 {[%clk
0:20:46]} 73. Nc5 {[%clk 0:07:34]} Rf6 {[%clk 0:20:47]} 74. Nd7 {[%clk 0:05:21]}
Ra6 {[%clk 0:21:08]} 75. Ke4 {[%clk 0:04:21]} Kg4 {[%clk 0:21:33]} 76. Nc5 {[%clk
0:04:38]} Rf6 {[%clk 0:21:45]} 77. Nd3 {[%clk 0:04:58]} *

[Event "Baku Chess Olympiad | Open"]
[Site "chess24.com"]
[Date "2016.09.08"]
[Round "6"]
[White "Saeed, Ishaq"]
[Black "Rahman, Ziaur"]
[Result "0-1"]
[Board "3"]
[WhiteID "9301453"]
[WhiteElo "2310"]
[WhiteTitle "FM"]
[WhiteCountry "UAE"]
[WhiteFideId "9301453"]
[WhiteEloChange "-5"]
[BlackID "10200037"]
[BlackElo "2512"]
[BlackTitle "GM"]
[BlackCountry "BAN"]
[BlackFideId "10200037"]
[BlackEloChange "2"]

1. Nf3 {[%clk 1:30:46]} d5 {[%clk 1:30:18]} 2. e3 {[%clk 1:30:39]} Nf6 {[%clk
1:30:24]} 3. c4 {[%clk 1:30:49]} e6 {[%clk 1:30:22]} 4. b3 {[%clk 1:30:48]} Be7
{[%clk 1:27:36]} 5. Bb2 {[%clk 1:30:49]} O-O {[%clk 1:27:58]} 6. Nc3 {[%clk
1:23:12]} b6 {[%clk 1:26:31]} 7. Qc2 {[%clk 1:13:56]} Bb7 {[%clk 1:26:18]} 8. Be2
{[%clk 0:50:43]} c5 {[%clk 1:25:40]} 9. Rd1 {[%clk 0:46:16]} dxc4 {[%clk
1:17:20]} 10. bxc4 {[%clk 0:44:55]} Nc6 {[%clk 1:15:48]} 11. a3 {[%clk 0:43:25]}
Rc8 {[%clk 1:15:21]} 12. Bd3 {[%clk 0:29:06]} h6 {[%clk 1:14:31]} 13. Ne2 {[%clk
0:29:04]} Qd6 {[%clk 1:13:10]} 14. Qc3 {[%clk 0:28:00]} Rfe8 {[%clk 1:09:56]} 15.
Bb1 {[%clk 0:23:09]} Bf8 {[%clk 1:09:39]} 16. Ng3 {[%clk 0:17:37]} e5 {[%clk
1:06:23]} 17. Nh4 {[%clk 0:13:33]} Qd4 {[%clk 0:46:25]} 18. Ne4 {[%clk 0:04:41]}
Nxe4 {[%clk 0:42:44]} 19. Qc2 {[%clk 0:05:02]} Qd7 {[%clk 0:39:49]} 20. Qxe4
{[%clk 0:05:05]} g6 {[%clk 0:40:09]} 21. Qf3 {[%clk 0:00:35]} Bg7 {[%clk
0:34:11]} 22. Qg3 {[%clk 0:01:04]} Qe6 {[%clk 0:31:38]} 23. O-O {[%clk 0:00:32]}
Ne7 {[%clk 0:24:39]} 24. Bc3 {[%clk 0:00:33]} g5 {[%clk 0:22:50]} 25. Nf3 {[%clk
0:00:52]} e4 {[%clk 0:22:43]} 26. Bxg7 {[%clk 0:00:38]} exf3 {[%clk 0:18:54]} 27.
Bc3 {[%clk 0:00:41]} fxg2 {[%clk 0:18:25]} 28. Rfe1 {[%clk 0:00:58]} Nf5 {[%clk
0:17:20]} 29. Bxf5 {[%clk 0:01:05]} Qxf5 {[%clk 0:17:45]} 30. d3 {[%clk 0:00:40]}
Bf3 {[%clk 0:17:22]} 31. Rd2 {[%clk 0:00:40]} Kh7 {[%clk 0:13:55]} 32. h3 {[%clk
0:00:58]} h5 {[%clk 0:13:56]} 33. e4 {[%clk 0:00:34]} Qf4 {[%clk 0:12:14]} 34.
Qxf4 {[%clk 0:00:38]} gxf4 {[%clk 0:12:40]} 35. Bf6 {[%clk 0:01:01]} Kg6 {[%clk
0:12:50]} 36. e5 {[%clk 0:00:34]} Kf5 {[%clk 0:13:05]} 37. d4 {[%clk 0:00:35]}
Rc6 {[%clk 0:11:01]} 38. Rd3 {[%clk 0:00:52]} Rxf6 {[%clk 0:08:02]} 39. Rxf3
{[%clk 0:01:08]} Rg6 {[%clk 0:06:49]} 40. Rd1 {[%clk 0:30:34]} Rd8 {[%clk
0:35:00]} 41. d5 {[%clk 0:22:52]} b5 {[%clk 0:26:00]} 42. cxb5 {[%clk 0:06:58]}
Kxe5 {[%clk 0:26:13]} 43. Re1+ {[%clk 0:07:22]} Kf5 {[%clk 0:24:45]} 44. Rd1
{[%clk 0:07:51]} Ke4 {[%clk 0:23:44]} 45. Rfd3 {[%clk 0:08:08]} Ke5 {[%clk
0:21:40]} 46. Re1+ {[%clk 0:07:28]} Kd6 {[%clk 0:20:20]} 47. Re4 {[%clk 0:07:44]}
Rc8 {[%clk 0:18:01]} 48. Rxf4 {[%clk 0:07:00]} c4 {[%clk 0:18:26]} 49. Rdd4
{[%clk 0:06:24]} c3 {[%clk 0:18:22]} 50. Rd1 {[%clk 0:02:16]} c2 {[%clk 0:18:12]}
51. Rc1 {[%clk 0:02:45]} Rc3 {[%clk 0:18:26]} 52. f3 {[%clk 0:00:59]} Rd3 {[%clk
0:18:09]} 53. Re4 {[%clk 0:00:40]} Rxf3 {[%clk 0:18:27]} 54. Ree1 {[%clk
0:00:34]} Rxh3 {[%clk 0:18:34]} 55. Kf2 {[%clk 0:00:39]} h4 {[%clk 0:17:31]} 56.
Rxc2 {[%clk 0:00:35]} g1Q+ {[%clk 0:17:38]} 57. Rxg1 {[%clk 0:00:39]} Rh2+ {[%clk
0:18:03]} 58. Ke3 {[%clk 0:00:35]} Rxc2 {[%clk 0:18:27]} 0-1

[Event "Baku Chess Olympiad | Open"]
[Site "chess24.com"]
[Date "2016.09.08"]
[Round "6"]
[White "Ampie, Mauro"]
[Black "Barros Rivadeneira, Cristhian"]
[Result "*"]
[Board "1"]
[WhiteID "6101623"]
[WhiteElo "2348"]
[WhiteTitle "FM"]
[WhiteCountry "NCA"]
[WhiteFideId "6101623"]
[BlackID "3609677"]
[BlackElo "2351"]
[BlackTitle "IM"]
[BlackCountry "ECU"]
[BlackFideId "3609677"]

1. e4 {[%clk 1:30:56]} c5 {[%clk 1:30:30]} 2. Nc3 {[%clk 1:31:17]} Nc6 {[%clk
1:30:28]} 3. Bb5 {[%clk 1:31:30]} g6 {[%clk 1:30:45]} 4. Bxc6 {[%clk 1:31:43]}
dxc6 {[%clk 1:31:04]} 5. d3 {[%clk 1:30:43]} Bg7 {[%clk 1:31:18]} 6. Be3 {[%clk
1:31:01]} b6 {[%clk 1:30:46]} 7. Qd2 {[%clk 1:31:26]} e5 {[%clk 1:27:39]} 8.
O-O-O {[%clk 1:25:41]} h6 {[%clk 1:23:51]} 9. f4 {[%clk 1:19:24]} exf4 {[%clk
1:23:40]} 10. Bxf4 {[%clk 1:19:49]} Ne7 {[%clk 1:23:49]} 11. Nf3 {[%clk 1:16:18]}
Be6 {[%clk 1:15:38]} 12. Rhf1 {[%clk 1:05:08]} Qd7 {[%clk 1:00:09]} 13. Be5
{[%clk 1:04:31]} f6 {[%clk 0:57:42]} 14. Bg3 {[%clk 1:04:56]} O-O-O {[%clk
0:55:09]} 15. d4 {[%clk 0:59:17]} cxd4 {[%clk 0:49:39]} 16. Nxd4 {[%clk 0:53:07]}
h5 {[%clk 0:20:23]} 17. Qe2 {[%clk 0:42:50]} Bg4 {[%clk 0:16:52]} 18. Nf3 {[%clk
0:42:52]} Qb7 {[%clk 0:17:12]} 19. Qc4 {[%clk 0:40:41]} b5 {[%clk 0:08:11]} 20.
Qc5 {[%clk 0:37:21]} Rxd1+ {[%clk 0:07:04]} 21. Rxd1 {[%clk 0:35:04]} Rd8 {[%clk
0:07:29]} 22. Bd6 {[%clk 0:28:41]} Ng8 {[%clk 0:06:25]} 23. Nd4 {[%clk 0:21:07]}
Qb6 {[%clk 0:03:50]} 24. Rd3 {[%clk 0:13:36]} Qxc5 {[%clk 0:02:47]} 25. Bxc5
{[%clk 0:14:02]} Kb7 {[%clk 0:03:14]} 26. b4 {[%clk 0:12:44]} Re8 {[%clk
0:00:58]} 27. Nb3 {[%clk 0:11:24]} Be6 {[%clk 0:00:43]} 28. Na5+ {[%clk 0:10:31]}
Kc7 {[%clk 0:01:02]} 29. Bxa7 {[%clk 0:09:42]} f5 {[%clk 0:01:08]} 30. Bd4 {[%clk
0:09:12]} fxe4 {[%clk 0:00:49]} 31. Nxe4 {[%clk 0:07:42]} Bf5 {[%clk 0:00:34]}
32. Bxg7 {[%clk 0:07:46]} Rxe4 {[%clk 0:00:57]} 33. Bd4 {[%clk 0:06:26]} Ne7
{[%clk 0:00:49]} 34. a3 {[%clk 0:05:28]} Nd5 {[%clk 0:00:57]} 35. Rd2 {[%clk
0:05:18]} Nf4 {[%clk 0:00:49]} 36. Bc5 {[%clk 0:04:26]} Re1+ {[%clk 0:00:38]} 37.
Kb2 {[%clk 0:04:40]} Nd5 {[%clk 0:01:01]} 38. Nb3 {[%clk 0:04:09]} Re8 {[%clk
0:00:34]} 39. Bf2 {[%clk 0:03:37]} g5 {[%clk 0:00:34]} 40. Nd4 {[%clk 0:31:35]}
Be4 {[%clk 0:30:32]} 41. Re2 {[%clk 0:24:03]} Kd7 {[%clk 0:19:27]} 42. g3 {[%clk
0:20:17]} g4 {[%clk 0:10:59]} 43. Nb3 {[%clk 0:18:00]} Bg6 {[%clk 0:11:08]} 44.
Rxe8 {[%clk 0:16:07]} Kxe8 {[%clk 0:10:24]} 45. Na5 {[%clk 0:13:20]} Kd7 {[%clk
0:10:33]} 46. c4 {[%clk 0:13:28]} Nf6 {[%clk 0:10:42]} 47. cxb5 {[%clk 0:11:59]}
cxb5 {[%clk 0:11:10]} 48. Nb3 {[%clk 0:12:18]} Kd6 {[%clk 0:11:07]} 49. Nc5
{[%clk 0:04:19]} Nd7 {[%clk 0:05:20]} 50. a4 {[%clk 0:02:01]} bxa4 {[%clk
0:05:02]} 51. Nxa4 {[%clk 0:02:25]} Ne5 {[%clk 0:05:20]} 52. Kc3 {[%clk 0:01:52]}
Be8 {[%clk 0:05:20]} 53. Nb2 {[%clk 0:01:47]} Nf3 {[%clk 0:05:09]} 54. Kd3 {[%clk
0:01:33]} Kd5 {[%clk 0:03:27]} 55. Ke3 {[%clk 0:01:07]} Nxh2 {[%clk 0:03:20]} 56.
Kf4 {[%clk 0:01:34]} *

[Event "Baku Chess Olympiad | Open"]
[Site "chess24.com"]
[Date "2016.09.08"]
[Round "6"]
[White "Hernandez Guerrero, Gilberto"]
[Black "Ragger, Markus"]
[Result "0-1"]
[Board "1"]
[WhiteID "5100011"]
[WhiteElo "2506"]
[WhiteTitle "GM"]
[WhiteCountry "MEX"]
[WhiteFideId "5100011"]
[WhiteEloChange "-2"]
[BlackID "1610856"]
[BlackElo "2697"]
[BlackTitle "GM"]
[BlackCountry "AUT"]
[BlackFideId "1610856"]
[BlackEloChange "2"]

1. e4 {[%clk 1:30:51]} e6 {[%clk 1:30:58]} 2. d3 {[%clk 1:28:46]} d5 {[%clk
1:31:18]} 3. Qe2 {[%clk 1:28:33]} Nf6 {[%clk 1:31:14]} 4. Nf3 {[%clk 1:28:49]}
Be7 {[%clk 1:31:14]} 5. g3 {[%clk 1:28:50]} c5 {[%clk 1:31:39]} 6. Bg2 {[%clk
1:29:08]} O-O {[%clk 1:31:59]} 7. O-O {[%clk 1:28:44]} b5 {[%clk 1:32:02]} 8. e5
{[%clk 1:25:10]} Nfd7 {[%clk 1:32:15]} 9. h4 {[%clk 1:25:21]} Nc6 {[%clk
1:31:37]} 10. Bf4 {[%clk 1:25:34]} a5 {[%clk 1:26:56]} 11. Nbd2 {[%clk 1:25:35]}
a4 {[%clk 1:26:28]} 12. a3 {[%clk 1:16:23]} b4 {[%clk 1:24:43]} 13. Rfe1 {[%clk
1:13:57]} Ba6 {[%clk 1:19:36]} 14. axb4 {[%clk 1:06:00]} Nxb4 {[%clk 1:17:44]}
15. Qd1 {[%clk 1:06:19]} Nb6 {[%clk 1:09:42]} 16. Nb1 {[%clk 1:02:58]} Qd7 {[%clk
1:05:20]} 17. Ng5 {[%clk 0:58:19]} Rfb8 {[%clk 1:00:46]} 18. Na3 {[%clk 0:56:08]}
Bf8 {[%clk 0:58:25]} 19. Qh5 {[%clk 0:49:44]} h6 {[%clk 0:58:45]} 20. Nf3 {[%clk
0:50:04]} Nc8 {[%clk 0:49:37]} 21. Rad1 {[%clk 0:40:44]} Ne7 {[%clk 0:47:39]} 22.
Qg4 {[%clk 0:37:51]} Kh8 {[%clk 0:45:35]} 23. h5 {[%clk 0:33:28]} Na2 {[%clk
0:42:20]} 24. Rb1 {[%clk 0:23:58]} Rb4 {[%clk 0:41:50]} 25. c4 {[%clk 0:23:19]}
Rab8 {[%clk 0:40:57]} 26. Nh4 {[%clk 0:20:13]} Rxb2 {[%clk 0:38:31]} 27. Rxb2
{[%clk 0:20:27]} Rxb2 {[%clk 0:38:59]} 28. cxd5 {[%clk 0:20:38]} Nxd5 {[%clk
0:37:26]} 29. Nc4 {[%clk 0:18:46]} Bxc4 {[%clk 0:31:20]} 30. dxc4 {[%clk
0:19:11]} Nxf4 {[%clk 0:31:45]} 31. Qxf4 {[%clk 0:19:10]} Kg8 {[%clk 0:30:33]}
32. Nf3 {[%clk 0:12:07]} Nb4 {[%clk 0:26:48]} 33. Qe3 {[%clk 0:09:52]} Rb3 {[%clk
0:24:10]} 34. Qc1 {[%clk 0:04:03]} a3 {[%clk 0:23:49]} 35. Nd2 {[%clk 0:03:42]}
Rd3 {[%clk 0:20:37]} 36. Nb1 {[%clk 0:03:05]} a2 {[%clk 0:18:02]} 37. Nc3 {[%clk
0:02:44]} a1Q {[%clk 0:15:31]} 0-1

[Event "Baku Chess Olympiad | Open"]
[Site "chess24.com"]
[Date "2016.09.08"]
[Round "6"]
[White "Linster, Philippe"]
[Black "Averbukh, Alex"]
[Result "*"]
[Board "3"]
[WhiteID "4001206"]
[WhiteElo "2233"]
[WhiteCountry "LUX"]
[WhiteFideId "4001206"]
[BlackID "2028255"]
[BlackElo "2223"]
[BlackCountry "JPN"]
[BlackFideId "2028255"]

1. d4 {[%clk 1:30:57]} d5 {[%clk 1:30:50]} 2. c4 {[%clk 1:31:21]} e6 {[%clk
1:31:12]} 3. Nc3 {[%clk 1:30:23]} c6 {[%clk 1:31:32]} 4. e3 {[%clk 1:30:02]} f5
{[%clk 1:31:51]} 5. Nf3 {[%clk 1:29:19]} Nf6 {[%clk 1:32:12]} 6. Bd3 {[%clk
1:28:30]} Bd6 {[%clk 1:32:25]} 7. Qc2 {[%clk 1:26:45]} Nbd7 {[%clk 1:30:56]} 8.
cxd5 {[%clk 1:26:12]} cxd5 {[%clk 1:30:59]} 9. Bd2 {[%clk 1:17:21]} a6 {[%clk
1:24:41]} 10. O-O {[%clk 1:13:50]} O-O {[%clk 1:20:59]} 11. Ne2 {[%clk 1:04:45]}
Ne4 {[%clk 1:16:58]} 12. Nf4 {[%clk 1:03:42]} Qe7 {[%clk 1:14:18]} 13. h4 {[%clk
1:03:37]} Ndf6 {[%clk 1:11:42]} 14. Rfc1 {[%clk 0:59:13]} Bd7 {[%clk 1:07:49]}
15. Be1 {[%clk 0:57:03]} Bc6 {[%clk 1:06:40]} 16. g3 {[%clk 0:52:12]} Ng4 {[%clk
1:00:44]} 17. Qe2 {[%clk 0:45:12]} Rf6 {[%clk 0:46:24]} 18. Ng5 {[%clk 0:26:56]}
e5 {[%clk 0:34:59]} 19. dxe5 {[%clk 0:19:56]} Nxe5 {[%clk 0:35:06]} 20. Nf3
{[%clk 0:12:28]} Nxf3+ {[%clk 0:30:51]} 21. Qxf3 {[%clk 0:12:57]} Be5 {[%clk
0:28:10]} 22. Qe2 {[%clk 0:11:37]} Re8 {[%clk 0:18:27]} 23. Bxe4 {[%clk 0:08:51]}
fxe4 {[%clk 0:18:37]} 24. Bc3 {[%clk 0:08:52]} Bxc3 {[%clk 0:17:25]} 25. Rxc3
{[%clk 0:08:30]} Rd8 {[%clk 0:16:19]} 26. Rd1 {[%clk 0:08:25]} Rfd6 {[%clk
0:12:38]} 27. Rd4 {[%clk 0:08:21]} Qf7 {[%clk 0:10:39]} 28. Rc2 {[%clk 0:07:44]}
g6 {[%clk 0:07:46]} 29. Rcd2 {[%clk 0:07:15]} Qf5 {[%clk 0:07:21]} 30. Qd1 {[%clk
0:06:48]} h6 {[%clk 0:06:33]} 31. Ne2 {[%clk 0:04:16]} g5 {[%clk 0:04:56]} 32. h5
{[%clk 0:04:22]} Bb5 {[%clk 0:04:07]} 33. Nc3 {[%clk 0:03:52]} Bd3 {[%clk
0:04:20]} 34. Qb3 {[%clk 0:02:28]} b5 {[%clk 0:03:50]} 35. a4 {[%clk 0:02:29]}
Kg7 {[%clk 0:02:48]} 36. axb5 {[%clk 0:02:47]} axb5 {[%clk 0:03:09]} 37. Nxb5
{[%clk 0:02:02]} Rb6 {[%clk 0:02:06]} 38. Qc3 {[%clk 0:00:52]} Kg8 {[%clk
0:00:47]} 39. Na3 {[%clk 0:00:36]} Rc8 {[%clk 0:00:57]} 40. Rxd5 {[%clk 0:30:38]}
Qe6 {[%clk 0:30:37]} 41. Qd4 {[%clk 0:23:01]} Rc1+ {[%clk 0:22:39]} 42. Kh2
{[%clk 0:23:13]} Rbc6 {[%clk 0:22:47]} 43. Rd8+ {[%clk 0:19:46]} Kf7 {[%clk
0:22:05]} 44. Rd1 {[%clk 0:13:34]} Rxd1 {[%clk 0:18:29]} 45. Qa7+ {[%clk
0:13:49]} Qe7 {[%clk 0:18:32]} 46. Rd7 {[%clk 0:14:05]} Re6 {[%clk 0:18:51]} 47.
Rxe7+ {[%clk 0:11:17]} Rxe7 {[%clk 0:19:18]} 48. Qb6 {[%clk 0:10:45]} Re6 {[%clk
0:14:47]} 49. Qc7+ {[%clk 0:08:59]} Re7 {[%clk 0:14:45]} 50. Qd6 {[%clk 0:08:50]}
Re6 {[%clk 0:11:43]} 51. Qd7+ {[%clk 0:09:17]} Re7 {[%clk 0:11:11]} 52. Qd5+
{[%clk 0:09:21]} Kf8 {[%clk 0:11:04]} 53. Qd8+ {[%clk 0:08:37]} Kf7 {[%clk
0:10:56]} 54. Nc4 {[%clk 0:08:42]} Be2 {[%clk 0:10:59]} 55. Nd2 {[%clk 0:06:32]}
Bf3 {[%clk 0:07:41]} 56. Qd5+ {[%clk 0:06:55]} Kg7 {[%clk 0:07:47]} 57. Qd4+
{[%clk 0:05:33]} Kh7 {[%clk 0:08:02]} 58. g4 {[%clk 0:05:00]} Rh1+ {[%clk
0:04:24]} 59. Kg3 {[%clk 0:05:30]} Rg1+ {[%clk 0:04:44]} 60. Kh2 {[%clk 0:05:55]}
Rg2+ {[%clk 0:04:51]} 61. Kh3 {[%clk 0:05:45]} *

[Event "Baku Chess Olympiad | Open"]
[Site "chess24.com"]
[Date "2016.09.08"]
[Round "6"]
[White "Heidenfeld, Mark"]
[Black "Strugnell, Carl"]
[Result "*"]
[Board "2"]
[WhiteID "2500990"]
[WhiteElo "2366"]
[WhiteTitle "IM"]
[WhiteCountry "IRL"]
[WhiteFideId "2500990"]
[BlackID "616753"]
[BlackElo "2239"]
[BlackTitle "FM"]
[BlackCountry "WLS"]
[BlackFideId "616753"]

1. e4 {[%clk 1:30:51]} e5 {[%clk 1:30:32]} 2. Nf3 {[%clk 1:30:44]} Nc6 {[%clk
1:30:55]} 3. Bb5 {[%clk 1:30:09]} f5 {[%clk 1:31:11]} 4. d3 {[%clk 1:28:22]} fxe4
{[%clk 1:31:34]} 5. dxe4 {[%clk 1:28:35]} Nf6 {[%clk 1:31:45]} 6. Qd3 {[%clk
1:24:55]} Bb4+ {[%clk 1:24:43]} 7. Bd2 {[%clk 1:19:41]} Bxd2+ {[%clk 1:20:49]} 8.
Nbxd2 {[%clk 1:18:33]} d6 {[%clk 1:16:31]} 9. O-O-O {[%clk 0:57:20]} Bd7 {[%clk
1:09:06]} 10. Nf1 {[%clk 0:53:19]} O-O {[%clk 1:04:35]} 11. Ng3 {[%clk 0:52:50]}
Kh8 {[%clk 1:03:15]} 12. h3 {[%clk 0:44:48]} a6 {[%clk 0:52:54]} 13. Bxc6 {[%clk
0:44:36]} bxc6 {[%clk 0:48:17]} 14. Rhe1 {[%clk 0:35:30]} Qb8 {[%clk 0:45:22]}
15. Re3 {[%clk 0:31:54]} Be6 {[%clk 0:43:21]} 16. Qc3 {[%clk 0:29:15]} Qb6 {[%clk
0:42:40]} 17. b3 {[%clk 0:27:36]} a5 {[%clk 0:42:06]} 18. Kd2 {[%clk 0:26:30]} a4
{[%clk 0:37:21]} 19. Ke1 {[%clk 0:26:31]} axb3 {[%clk 0:36:10]} 20. axb3 {[%clk
0:26:55]} Ra2 {[%clk 0:29:56]} 21. Ra1 {[%clk 0:23:33]} Rxa1+ {[%clk 0:17:01]}
22. Qxa1 {[%clk 0:23:55]} Bc8 {[%clk 0:16:55]} 23. Kf1 {[%clk 0:20:07]} Nd7
{[%clk 0:16:26]} 24. Kg1 {[%clk 0:15:01]} Nc5 {[%clk 0:16:17]} 25. Nd2 {[%clk
0:06:15]} Ne6 {[%clk 0:13:46]} 26. Rf3 {[%clk 0:04:55]} Re8 {[%clk 0:13:17]} 27.
Nc4 {[%clk 0:04:06]} Qb4 {[%clk 0:09:37]} 28. Ne2 {[%clk 0:02:33]} Bb7 {[%clk
0:06:22]} 29. Qa5 {[%clk 0:02:12]} Qxa5 {[%clk 0:03:50]} 30. Nxa5 {[%clk
0:02:40]} Ba6 {[%clk 0:02:28]} 31. c4 {[%clk 0:02:02]} c5 {[%clk 0:02:44]} 32.
Rd3 {[%clk 0:01:45]} Kg8 {[%clk 0:02:51]} 33. Rd1 {[%clk 0:01:34]} Ra8 {[%clk
0:02:08]} 34. Ra1 {[%clk 0:01:15]} Bc8 {[%clk 0:02:26]} 35. f3 {[%clk 0:01:06]}
Nd8 {[%clk 0:02:14]} 36. b4 {[%clk 0:00:49]} cxb4 {[%clk 0:02:35]} 37. Nc1 {[%clk
0:01:03]} c5 {[%clk 0:02:00]} 38. Ncb3 {[%clk 0:01:12]} Kf7 {[%clk 0:01:18]} 39.
Kf2 {[%clk 0:01:31]} Ra6 {[%clk 0:01:07]} 40. Ke3 {[%clk 0:31:26]} Ke6 {[%clk
0:30:59]} 41. h4 {[%clk 0:29:47]} Kd7 {[%clk 0:28:19]} 42. g3 {[%clk 0:26:10]}
Kc7 {[%clk 0:25:27]} 43. f4 {[%clk 0:25:25]} Nf7 {[%clk 0:25:48]} 44. f5 {[%clk
0:23:35]} h5 {[%clk 0:26:09]} 45. g4 {[%clk 0:19:25]} hxg4 {[%clk 0:24:06]} 46.
Kf2 {[%clk 0:19:49]} Nh6 {[%clk 0:21:54]} 47. Kg3 {[%clk 0:19:32]} Ra8 {[%clk
0:19:21]} 48. h5 {[%clk 0:19:31]} Bb7 {[%clk 0:15:12]} 49. Re1 {[%clk 0:18:36]}
Kb6 {[%clk 0:09:08]} 50. Kh4 {[%clk 0:18:29]} Rh8 {[%clk 0:07:57]} 51. Kg5 {[%clk
0:17:21]} Ba8 {[%clk 0:05:10]} 52. Kg6 {[%clk 0:15:19]} Rg8 {[%clk 0:05:20]} 53.
f6 {[%clk 0:14:14]} gxf6+ {[%clk 0:05:25]} 54. Kxh6 {[%clk 0:14:36]} g3 {[%clk
0:05:45]} 55. Kh7 {[%clk 0:14:39]} Rg5 {[%clk 0:05:29]} 56. Nd2 {[%clk 0:14:35]}
g2 {[%clk 0:05:00]} 57. Rg1 {[%clk 0:07:53]} Kxa5 {[%clk 0:04:46]} 58. h6 {[%clk
0:08:14]} b3 {[%clk 0:03:57]} 59. Nxb3+ {[%clk 0:04:05]} Kb4 {[%clk 0:04:21]} 60.
Nd2 {[%clk 0:04:05]} *